000 00331cam a2200133ua 4500
003 OSt
008 221111b |||||||| |||| 00| 0 eng d
041 _aeng
082 _a367.72
_bFOO/FA
245 _aFact Finding with Rural People /
260 _a :
_bFood and agriculture Organization ,
_c1957.
300 _a137 ; .
942 _cBK
999 _c3353
_d3353